An introduction to quantum field theory /
| 1. Verfasser: | |
|---|---|
| Weitere Verfasser: | |
| Format: | Buch |
| Sprache: | English |
| Veröffentlicht: |
Reading, Mass. :
Addison-Wesley Pub. Co.,
2005
Kolkata : Levant Books, |
| Schlagworte: | |
| Online Zugang: | Contributor biographical information Publisher description |
| Classic Catalogue: | View this record in Classic Catalogue |
| LEADER | 01676nam a2200373 a 4500 | ||
|---|---|---|---|
| 001 | 27618 | ||
| 003 | BD-DhAAL | ||
| 005 | 20151015020002.0 | ||
| 008 | 131001s1995 maua b 001 0 eng | ||
| 010 | |a 89027170 | ||
| 020 | |a 0201503972 | ||
| 020 | |a 8187169524 | ||
| 040 | |a DLC |c DLC |d DLC |d BD-DhAAL | ||
| 050 | 0 | 0 | |a QC174.45 |b .P465 1995 |
| 082 | 0 | 0 | |a 530.1/43 |2 20 |
| 999 | |c 14052 |d 14052 | ||
| 999 | |c 14052 | ||
| 100 | 1 | |a Peskin, Michael Edward, |d 1951- |9 3387 | |
| 245 | 1 | 3 | |a An introduction to quantum field theory / |c Michael E. Peskin, Daniel V. Schroeder. |
| 260 | |a Reading, Mass. : |b Addison-Wesley Pub. Co., | ||
| 260 | |a Kolkata : |b Levant Books, |c 2005 | ||
| 300 | |a xxii, 842 p. : |b ill. ; |c 24 cm. | ||
| 504 | |a Includes bibliographical references (p. 811-815) and index. | ||
| 541 | |e 27618, 27619 | ||
| 650 | 0 | |a Quantum field theory. |9 3388 | |
| 650 | 0 | |a Feynman diagrams. |9 3389 | |
| 650 | 0 | |a Renormalization (Physics) |9 3329 | |
| 650 | 0 | |a Gauge fields (Physics) |9 3390 | |
| 700 | 1 | |a Schroeder, Daniel V. |9 3391 | |
| 856 | 4 | 2 | |3 Contributor biographical information |u http://www.loc.gov/catdir/enhancements/fy0831/89027170-b.html |
| 856 | 4 | 2 | |3 Publisher description |u http://www.loc.gov/catdir/enhancements/fy0831/89027170-d.html |
| 942 | |2 ddc |c BK |0 2 | ||
| 952 | |0 0 |1 0 |2 ddc |4 0 |6 530_143000000000000_PES |7 0 |9 23574 |a BRACUL |b BRACUL |c GEN |d 2013-10-01 |e Trim Education |g 1180.00 |l 7 |m 68 |o 530.143 PES |p 3010027618 |r 2025-11-01 |s 2025-02-19 |t 1 |w 2013-10-01 |y BK | ||
| 952 | |0 0 |1 4 |2 ddc |4 1 |6 530_143000000000000_PES |7 0 |9 23575 |a BRACUL |b BRACUL |c GEN |d 2013-10-01 |e Trim Education |g 1180.00 |l 5 |m 60 |o 530.143 PES |p 3010027619 |r 2019-07-11 |s 2018-11-26 |t 2 |w 2013-10-01 |y BK |x Koha Inventory 2020 | ||